Antifalange (Record no. 18187)

MARC details
000 -LEADER
campo de control de longitud fija 01087nam a2200277 i 4500
001 - NÚMERO DE CONTROL
campo de control 18187
003 - IDENTIFICADOR DE NÚMERO DE CONTROL
campo de control ES-MaACL
005 - FECHA Y HORA DE LA ÚLTIMA TRANSACCIÓN
campo de control 20240118221947.0
007 - CAMPO FIJO DE DESCRIPCIÓN FÍSICA--INFORMACIÓN GENERAL
campo de control de longitud fija t|
008 - DATOS DE LONGITUD FIJA--INFORMACIÓN GENERAL
campo de control de longitud fija 011004s1967 fr ||||1| spa d
080 ## - NÚMERO DE LA CLASIFICACIÓN DECIMAL UNIVERSAL
Número de la Clasificación Decimal Universal 946.0"1936/39"
080 ## - NÚMERO DE LA CLASIFICACIÓN DECIMAL UNIVERSAL
Número de la Clasificación Decimal Universal 329(460) Falange Española
100 1# - ENTRADA PRINCIPAL--NOMBRE DE PERSONA
Nombre de persona Southworth, Herbert Rutledge.
9 (RLIN) 107590
245 10 - MENCIÓN DEL TÍTULO
Título Antifalange
Resto del título : estudio crítico de "Falange en la guerra de España, la unificación y Hedilla", de Maximiano García Venero /
Mención de responsabilidad, etc. Herbert Rutledge Southworth ; traducción de José Martínez.
260 ## - PUBLICACIÓN, DISTRIBUCIÓN, ETC.
Lugar de publicación, distribución, etc. [Paris] :
Nombre del editor, distribuidor, etc. Ruedo Ibérico,
Fecha de publicación, distribución, etc. [1967]
300 ## - DESCRIPCIÓN FÍSICA
Extensión XXIV, 287 p., [32] p. de lám ;
Dimensiones 23 cm.
504 ## - NOTA DE BIBLIOGRAFÍA, ETC.
Nota de bibliografía, etc. Bibliografía: p. 269-278.
600 14 - PUNTO DE ACCESO ADICIONAL DE MATERIA--NOMBRE DE PERSONA
Nombre de persona García Venero, Maximiano.
9 (RLIN) 55393
600 14 - PUNTO DE ACCESO ADICIONAL DE MATERIA--NOMBRE DE PERSONA
Nombre de persona Hedilla, Manuel (
Fechas asociadas al nombre 1902-1970)
9 (RLIN) 171688
610 24 - PUNTO DE ACCESO ADICIONAL DE MATERIA--NOMBRE DE ENTIDAD CORPORATIVA
Nombre de entidad corporativa o nombre de jurisdicción como elemento de entrada Falange Española Tradicionalista y de las J.O.N.S.
9 (RLIN) 4086
700 1# - ENTRADA AGREGADA--NOMBRE PERSONAL
Nombre de persona Martínez, José,
Fechas asociadas al nombre 1921-1986
9 (RLIN) 77761
710 2# - ENTRADA AGREGADA--NOMBRE DE ENTIDAD CORPORATIVA
Nombre de entidad corporativa o nombre de jurisdicción como elemento de entrada Éditions Ruedo ibérico.
9 (RLIN) 145333
852 ## - LOCALIZACIÓN
Ubicación ES-MaACL
Número de control de estantería AND-118
Nota libre - Biblioteca Juan Andrade.
852 ## - LOCALIZACIÓN
Ubicación ES-MaACL
Número de control de estantería L-2762
Holdings
Estatus retirado Estado de pérdida Estado de daño No para préstamo Biblioteca de origen Biblioteca actual Ubicación en estantería Fecha de adquisición Fuente de adquisición Total de préstamos Signatura topográfica completa Código de barras Visto por última vez Precio de reemplazo Tipo de ítem Koha
        Biblioteca del Ateneo de Madrid Biblioteca del Ateneo de Madrid Depósito 2 17/01/2008     L-2762 1018596 23/02/2023 23/02/2023 Libro impreso
        Biblioteca del Ateneo de Madrid Biblioteca del Ateneo de Madrid Depósito 2 17/01/2008     AND-118 1018595 23/02/2023 23/02/2023 Libro impreso